MDQL
is popping MORE tags! Check the
thread
!
Quizzes
Events
Quiz Creation
Community
Videos
Private Events
Remove Ads
Sign In
Join for FREE
Feedback
Dark Mode
Quiz Categories
Sports
Geography
Music
Movies
Television
Just For Fun
Miscellaneous
History
Literature
Language
Science
Gaming
Entertainment
Religion
Holiday
For Kids
Quiz Lab
Recent
Popular Today
Quiz Kudos Today
Editor Picks
Curator Picks
Quizzes by...
Day
Popularity
Type
Ratings
Length
Year
Community
Subscriptions
Recent Discussions
Orange Saloon
Badges
Playlists
Quests
Create
Leaderboards
Showdown
Live 5
Trivia Bingo
Activity
Puzzle Library
Sporcle Events
Private Events
Virtual Trivia
Globe League
Become a Host
Pub Owners
SporcleCon
Opinionation
Our Games
Videos
Blog
Mobile Apps
Partnerships
Remove Ads and Go Orange
Feedback
Science
Computer
Plants
Astronomy
Chemistry
Elements
Math
Animal
Physics
Anatomy
Biology
Geology
General Science
Science
Computer
Plants
Astronomy
Chemistry
Elements
Math
Animal
Physics
Anatomy
Biology
Geology
General Science
Random Quiz
Search Sporcle
×
Quiz Lab
Quiz Lab
Science
Organic Chemistry
Type answers based on single images at one time
Type answers based on single images at one time
Slideshow
Best Score? Go Orange.
Pka quiz Ochem test 1 Stats
Can you name the Pka quiz Ochem test 1?
By
kf16
10m
22 Questions
36 Plays
36 Plays
36 Plays
Comments
Comments
Give Quiz Kudos
Give Quiz Kudos
-
- Ratings
hide this ad
No Peeking
Image is hidden before quiz starts
Image is hidden before quiz starts
Replay
Link that replays current quiz
Next Quiz
Link to next quiz in quiz playlist
You Got
0%
They Got
Avg Score
78%
Avg Friend Score
Upgrade to see
Score Distribution
Jump to the score distribution portion of the page
Score
0/22
Timer
10:00
0
Plays Today
% Correct
alcohol 15
97.2%
Hydrochloric acid 0
94.4%
phosphoric acid 0
94.4%
carboxylic acid 5
94.4%
alkene 45
91.7%
Iodic acid 0
88.9%
sulfuric acid 0
88.9%
Hydrogen bromide 0
86.1%
Water 15
86.1%
Alkane 50
86.1%
nitric acid 0
83.3%
% Correct
oxonium 0
83.3%
Carbonic acid 5
83.3%
Peroxide 10
83.3%
alkyne 25
83.3%
Amide 15
80.6%
Phenol 10
78.6%
amine 35
77.8%
Bicarbonate 10
75%
dihalide 35
75%
Aniline 30
71.4%
Ketone 20
64.3%
Quiz Playlist
Details
Report
Send in Message
Add To Playlist
Slideshow:
Type answers based on single images at one time
No Peeking:
Image is hidden before quiz starts
Last Updated: Feb 14, 2018
Quiz Scoreboard
CHALLENGE
Sign Up to Join the Scoreboard
Show All
Scores
Hide
Comments
May contain spoilers
Recently Published
Holiday 10x10 Sorting Gallery
by lukepisani3
Holiday
15m
Two Season TV Shows II
by 123Four
Television
10m
Image Sorting: Flags VI
by Barbecue
Geography
2m
More to Explore
Quiz From the Vault
Featured Blog Post
14 Easter Pick-up Lines to Find Eggs With
hide this ad
You Might Also Like...
Tags
Organic Chemistry
Today's Top Quizzes in Science
Browse Science
hide this ad
Today's Top Quizzes in Organic Chemistry
Browse Organic Chemistry
Top Contributed Quizzes in Science
1
Mitosis Sporcle for Escape Room
2
Windmill: Elements
3
DNA Speed Challenge For Breakout Box
4
200 Vogels in Nederland
5
Elements In Images
6
Glycolysis
7
Quick Pick: 'CI-CJ' Animals
8
Astronomy Spelling Bee
9
perfect squares 1-25
10
Periodic Table of Elements by Abbreviations
Explore More
Trending Topics
Crossword
Disney
NBA
Harry Potter
Kpop
Anime
Marvel
The Office
Soccer
WWE
Country
Song
NFL
Puzzle
Pokémon
hide this ad
More By:
kf16
Quiz
Plays
Rating
Category
Featured
Created
Pka quiz Ochem test 1
36
Science
Feb 13, 2018
Go to Creator's Profile
Score Distribution
Quiz Creator Spotlight
kf16
Follow
Send a Message
Quizzes Created
-
Created Quiz Play Count
-
More By This Creator
Popular Quizzes Today
1
Find the US States - No Outlines Minefield
2
Colored Red Africa Blitz
3
Find the 'City' Movie
4
The Countries of the World
5
Find the US States
6
5x2 Blitz: Bands
7
Find the Countries of Europe - No Outlines Minefield
8
US States
More Science Quizzes
What Are You Cutting Off, Doc?
Curator's Pick
Trending Quizzes
Colored Red Europe Blitz I
Colored Red Europe Blitz II
Colored Red Africa Blitz II
Colored Red Europe Blitz III
Colored Red Africa Blitz III
Recently Updated
Odd Team Out - Big 4 Players
pecheneg
Quick Pick: 20 Twenties
pecheneg
March Madness Men's Triple Doubles
pecheneg
How Do You Spell That?
pecheneg
Godzilla Movies
pecheneg
Grab Bag: 4-10 Letters
pecheneg
2024 March Madness Bracket
pecheneg
Famous TV Couples
Peacemaker
Champions League XIs: Real Madrid
pecheneg
Largest US Cities 1790-2010
pecheneg
Trending Topics
Harry Potter
Anime
NBA
Disney
Kpop
Crossword
Marvel
The Office
Puzzle
WWE
Pokémon
NFL
Song
Country
Soccer
Your Account Isn't Verified!
In order to create a playlist on Sporcle, you need to verify the email address you used during registration. Go to your
Sporcle Settings
to finish the process.
Report this User
Report this user for behavior that violates our
Community Guidelines
.
Details:
Send Report
Go to the Sporcle.com Mobile Site →
Comments